| 000 | 00793nam a2200193Ia 4500 | ||
|---|---|---|---|
| 003 | GCL | ||
| 008 | 140319s9999 xx 000 0 ara d | ||
| 040 |
_aGCL / _cGCL |
||
| 082 | 0 | 4 |
_a013.9 _bم د |
| 100 | 1 | _aالمجلس العربى للطفولة والتنمية | |
| 245 | 1 | 0 |
_aدراسة اهم الجمعيات والمؤسسات التطوعية (الاهلية)المعنية للطفولة فى الوطن العربى ودليلها الببلوجرافيا / _cالمجلس العربى للطفولة والتنمية |
| 260 |
_a[S.N] : _bالمجالس ، _c1989 |
||
| 300 |
_a200 ص ؛ _c24سم |
||
| 650 | 0 | 4 | _aالعالم العربى |
| 650 | 0 | 4 | _aالاطفال |
| 650 | 0 | 4 | _aالببليوجرافيا |
| 650 | 0 | 4 | _aالجمعيات الاهلية |
| 942 |
_2ddc _cBK |
||
| 999 |
_c30313 _d30313 |
||